[Event "80th Tata Steel GpA"]
[Site "Wijk aan Zee NED"]
[Date "2018.01.16"]
[Round "4.6"]
[White "Wei, Yi"]
[Black "Jones, Gawain C B"]
[Result "1-0"]
[WhiteElo "2743"]
[BlackElo "2640"]
[PlyCount "95"]
[EventDate "2018.01.13"]

1. d4 Nf6 2. c4 g6 3. Nc3 Bg7 4. e4 d6 5. h3 O-O 6. Nf3 e5 7. d5 a5 8. Bg5 Na6
9. Be2 Qe8 10. g4 Kh8 11. Nd2 Ng8 12. h4 f5 13. gxf5 gxf5 14. Bh5 Qd7 15. Qe2
$146 (15. exf5 Qxf5 16. Nde4 Nc5 17. Qe2 Nxe4 18. Nxe4 Nf6 19. Ng3 Qd7 20. Rg1
c6 {Solomon,K (2350)-Popovic,D (2553) Cappelle-la-Grande 2014}) 15... Nf6 16.
Bf3 fxe4 17. Ndxe4 Nxe4 18. Nxe4 Nb4 19. Bg2 Qa4 20. Nc3 Qc2 21. Be4 Qxe2+ 22.
Kxe2 Bg4+ 23. f3 Bh5 24. Rag1 Rf7 25. Be3 Bf6 $2 ({After} 25... Raf8 26. Rh3 {
White enjoys a pleasant advantage but the text move loses material.}) 26. Rg5
$1 Bg6 (26... Bxg5 27. hxg5 Bg6 28. Bxg6 {is a full piece.}) 27. Bxg6 hxg6 28.
Rxg6 {Now it is White who has an extra pawn plus the compensation!} Nc2 29. Ne4
Be7 30. Ng5 Rf6 31. Rxf6 Bxf6 32. Ne6 Nxe3 33. Kxe3 Rg8 34. Ke4 c6 35. Kf5 Be7
36. Ng5 Re8 37. Ne4 Kg7 38. Ke6 Bf8+ 39. Kd7 Re7+ 40. Kxd6 Kf7 41. Rg1 cxd5 42.
cxd5 Ke8 43. Nf6+ Kd8 44. Rg8 Re8+ 45. Rxf8 Rxf8 46. Ke6 Rh8 47. h5 b5 48. d6
1-0

[Event "80th Tata Steel GpA"]
[Site "Wijk aan Zee NED"]
[Date "2018.01.17"]
[Round "5.1"]
[White "Carlsen, Magnus"]
[Black "Kramnik, Vladimir"]
[Result "1/2-1/2"]
[WhiteElo "2834"]
[BlackElo "2787"]
[PlyCount "126"]
[EventDate "2018.01.13"]

1. e4 e5 2. Nf3 Nc6 3. Bc4 Bc5 4. O-O Nf6 5. d3 d6 6. c3 a6 7. a4 O-O 8. h3 h6
9. Re1 Re8 10. Nbd2 (10. b4 Ba7 11. Nbd2 Qe7 12. Nf1 Be6 13. Be3 Bxc4 14. dxc4
Qe6 15. Bxa7 Nxa7 16. Ne3 c6 17. Qd3 Rad8 {Karjakin,S (2760)-Mamedyarov,S 
(2799) Riadh 2017}) 10... Be6 11. Bxe6 Rxe6 12. b4 Ba7 13. Qc2 Qd7 14. Nf1 d5
15. Ng3 Rd8 16. exd5 $146 (16. Qb3 Ne7 17. c4 dxc4 18. dxc4 Nc6 19. Bb2 Qd3 20.
Qc3 a5 21. bxa5 Bc5 22. Rab1 Bb4 {Sethuraman,S (2623)-Inarkiev,E (2723) Moscow
2017}) 16... Qxd5 17. Be3 Qxd3 18. Qxd3 Rxd3 19. Bxa7 (19. b5 {forces} Rxe3 20.
fxe3 Na5 {but Carlsen didn't like it very much.}) 19... Nxa7 20. Nxe5 Rd5 21.
Ng4 Nxg4 22. Rxe6 fxe6 23. hxg4 a5 24. f3 Nc6 25. Rb1 b6 26. Ne4 axb4 27. cxb4
Rd4 28. b5 $6 {"Impulsive." (Carlsen)} (28. Rc1) 28... Ne5 29. Rc1 Nxg4 30.
fxg4 Rxe4 31. Rxc7 Rxa4 32. Rc6 Kf7 33. g5 hxg5 34. Rxb6 Rb4 35. Rb8 Kf6 36. b6
Ke5 37. Kh2 Rb3 38. g4 Kf4 39. b7 Kxg4 40. Re8 Rxb7 41. Rxe6 Rb2+ 42. Kg1 Kf3
43. Ra6 Rg2+ 44. Kh1 Re2 45. Kg1 g4 46. Ra1 Re8 47. Rb1 g3 48. Rb3+ Re3 49. Rb1
Re8 50. Rb3+ Kg4 51. Rb5 Re1+ 52. Kg2 Re2+ 53. Kg1 g5 54. Rb8 Re1+ 55. Kg2 Re2+
56. Kg1 Ra2 57. Rc8 Ra1+ 58. Kg2 Ra2+ 59. Kg1 g2 60. Rc4+ Kh3 61. Rc3+ Kh4 62.
Rc4+ g4 63. Rc3 Kh5 1/2-1/2

[Event "80th Tata Steel GpA"]
[Site "Wijk aan Zee NED"]
[Date "2018.01.17"]
[Round "5.5"]
[White "Mamedyarov, Shakhriyar"]
[Black "Caruana, Fabiano"]
[Result "1-0"]
[WhiteElo "2804"]
[BlackElo "2811"]
[Annotator "Bojkov, Dejan"]
[PlyCount "85"]
[EventDate "2018.01.13"]

1. d4 Nf6 2. c4 e6 3. Nf3 d5 4. Bg5 Bb4+ 5. Nbd2 {"I played risky and
sacrificed a pawn on move five!" (Mamedyarov). This is not the first time that
the Azeri GM choses a gambit in the QGD. In fact this line is one of his
specialties.} dxc4 6. e3 b5 7. Be2 ({Last year, at one of the Grand Prix
tournaments Mamedyarov won the following short game:} 7. a4 c6 8. Be2 Nbd7 9.
O-O Qb6 10. Qc2 Bb7 11. b3 c3 12. Nb1 c5 13. Nxc3 cxd4 14. Nxb5 Rc8 15. Qb2 a6
16. a5 Qc5 17. exd4 Qf5 18. Bd2 Be7 19. Nc3 O-O 20. Nh4 {1-0 (20) Mamedyarov,S
(2800)-Inarkiev,E (2707) Geneve 2017}) 7... Bb7 8. O-O O-O 9. b3 c3 10. a3 $146
{A natural move. White regains the pawn.} ({The only predecessor was a
correspondense game which saw} 10. Nb1 h6 11. Bh4 g5 12. Bg3 Qd5 13. Qc2 Ne4 {
with very a complex game in Aker,C-Wall,W corr 1983}) 10... Be7 11. Nb1 c5 {
However Caruana can be also happy with his position as he can trade the strong
central pawn of his opponent.} 12. Nxc3 a6 13. dxc5 Bxc5 14. Qc2 Nbd7 15. Rfd1
Rc8 {Black is OK with the doubled pawns.} ({There was nothing wrong with} 15...
Qb6 16. b4 {as long as Black avoids} Be7 $2 ({But the preliminary} 16... Bd6
17. Qd2 Be7 {is equal.}) 17. Rxd7 $1) 16. Bxf6 gxf6 17. b4 Be7 18. Rac1 Qe8 ({
It made sense to go for} 18... f5 {at once. Apparently Caruana did not like
the pin after} 19. Ne5 {but there was nothing to be afraid after} Rc7 {In fact
White has to be careful as} 20. Bf3 $2 {allows the strong sacrifice} ({Instead
} 20. Qb3 Bf6 {is equal}) 20... Nxe5 $1 21. Rxd8 Nxf3+ 22. gxf3 Rxd8 {Thanks
to the pin along the c-file and the weaknesses on the white kingside it is
Black who has the advantage. Say:} 23. Qe2 (23. Kg2 Bf6) 23... Rdc8 24. Qe1 Bf6
25. Ne2 Rxc1 26. Nxc1 Bxf3 {and Black is close to winning.}) 19. Qb1 Nb6 ({
Once again} 19... f5 {was the move to be made, and once again there were
tactical issues due to} 20. Nxb5 {with the main idea} (20. Nd4 Bf6 {is equal
instead.} ({Or} 20... Nb6)) 20... axb5 ({However, the sacrifice can be refuted
with the intermezzo:} 20... Be4 $1 21. Qb2 ({Or} 21. Qa2 axb5 22. Bxb5 Rxc1 23.
Rxc1 Bd5 $1 {with a tempo.}) 21... axb5 22. Bxb5 Bd5 23. Ne5 Bf6 {
counter-pinning and winning.}) 21. Bxb5 Rxc1 22. Qxc1 Bd5 23. Ne5 {Even this
looks good for Black after} Qb8 24. Nxd7 Qxb5 25. Nxf8 Bxf8) 20. Nd4 {White is
ready to swap off the opponent's bishop pair.} Kh8 ({The third and the last
time when Caruana could have comfortably developed the dark-squared bishop with
} 20... f5) 21. Bf3 Bxf3 22. Nxf3 Nc4 23. Ne4 {Once again Mamedyarov
sacrifices a pawn.} Qc6 ({Caruana correctly rejects the offer} 23... Nxa3 $2
24. Qa1 {would win for White-} Nc2 ({Or} 24... Nc4 25. Nxf6 Bxf6 26. Qxf6+ Kg8
27. Rd4) 25. Rxc2 Rxc2 26. Nxf6 Bxf6 27. Qxf6+ Kg8 28. Ne5 {with the decisive
threat Ne5-g4-h6 mate.}) 24. Nfd2 Qb7 {A mistake. Now Black has to be very
careful to maintain the balance.} ({The easiest was} 24... Rfd8 25. Nxc4 Rxd1+
26. Rxd1 Qxc4 {allowing no weak pawns.} (26... bxc4 {is also possible though
as this is a better version to the game continuation.})) ({Another equality is
achieved with} 24... Nxd2 25. Nxd2 Qb7 26. Ne4 Rxc1 27. Rxc1 Rc8) 25. Nxc4 Rxc4
{Another inaccuracy.} ({Black also has many weaknesses after} 25... bxc4 26.
Nd6 Bxd6 27. Rxd6 {but perhaps it is easier to defend without the light pieces
on the board.}) 26. Rxc4 bxc4 27. Qc2 {The c4-pawn is more a liability than an
asset. Combining threats on both sides of the board Mamedyarov skillfully
increases pressure.} Rc8 28. h3 Qc6 ({If} 28... f5 29. Qc3+ ({Less promising is
} 29. Nd6 Bxd6 30. Rxd6 c3 {when the passer becomes strong.}) 29... Kg8 30. Ng3
{looks strong for White, followed by Ng3-h5.}) 29. Rd4 {With the dual threat
of 30.Ne4-d2 followed by Rd4-c4 and 30.Ne4-c5 followed by the same Rd4-c4 
(this time with capture.)} a5 ({If} 29... f5 {White can choose either way of
going for the pawn} 30. Nd2 ({Or} 30. Nc5 Bxc5 (30... Rg8 31. g3) 31. Rxc4)
30... c3 31. Rc4 Qxc4 32. Nxc4 Rxc4 33. Qd3 Rc7 34. Qd4+ Kg8 35. Qb6 Rd7 36.
Qc6 {and White wins.}) 30. Nd2 Rg8 ({The other choice was the endgame with
light pieces after} 30... Qb5 31. Rxc4 Rxc4 32. Qxc4 Qxc4 33. Nxc4 axb4 {
However, it seems as Black is busted here as well-} 34. a4 Kg7 ({Or} 34... f5
35. a5 Bc5 36. Kf1 Kg7 37. Ke2 Kf6 38. Kd3 Ke7 39. a6 h5 (39... Kd7 40. Ne5+)
40. Ne5 {followed by Kd3-c4.}) 35. Kf1 Kf8 36. Ke2 Ke8 37. Kd3 Kd7 38. Kc2 Kc6
39. Kb3 Kb7 {Now after some preparation White breaks through with} 40. g4 Kc6
41. Nb2 Kb6 42. Nd3 Ka5 43. e4 Bf8 44. e5 $1) 31. g3 axb4 32. Rxc4 {White won
a pawn and the game.} b3 ({Nothing is principally changed after} 32... Qd5 33.
axb4 Rb8 34. Ne4 Kg7 35. Nc5) 33. Nxb3 Qf3 34. a4 Bd6 ({No perpetual after} 
34... Rxg3+ 35. fxg3 Qxg3+ 36. Kf1) 35. Rc8 $1 ({Here White has to be careful
as} 35. a5 {screams for the sacrifice} Bxg3 $1 36. fxg3 $2 ({Luckily for White
he can survive after} 36. Rg4 $1 Rxg4 37. hxg4 Bd6 {but a draw is also half a
point lost from the position he had before.}) 36... Rxg3+ 37. Kh2 Rxh3+ 38. Kg1
Rh1#) 35... Rxc8 36. Qxc8+ Kg7 37. Qc2 {The last prophylactical move.The rest
is easy.} (37. a5 $4 Qd1+) 37... Bb4 38. Qc4 Qb7 39. a5 Bd6 40. a6 Qb6 41. Nd4
Qa5 42. Kg2 Qa3 43. Qc6 {Mamedyarov was certainly happy with a win against one
of his rivals at the fortcoming Candidates' Tournament.} 1-0

[Event "80th Tata Steel GpA"]
[Site "Wijk aan Zee NED"]
[Date "2018.01.17"]
[Round "5.6"]
[White "Svidler, Peter"]
[Black "Hou, Yifan"]
[Result "1-0"]
[WhiteElo "2768"]
[BlackElo "2680"]
[PlyCount "81"]
[EventDate "2018.01.13"]

1. c4 e6 2. Nc3 d5 3. d4 Bb4 4. Nf3 Nf6 5. cxd5 exd5 6. Bf4 (6. Bg5 O-O 7. e3
Bf5 8. Qb3 Bxc3+ 9. Qxc3 h6 10. Bh4 g5 11. Bg3 Ne4 12. Qxc7 Nc6 13. Qxd8 Rfxd8
14. Be2 Rac8 15. O-O h5 16. h4 g4 17. Ne5 Nb4 18. Bf4 f6 19. Nd3 Nc3 20. bxc3 {
½-½ Ding,L (2774)-Aronian,L (2801) Palma de Mallorca 2017}) 6... O-O 7. Rc1
c6 8. e3 Bd6 $146 (8... Bf5 9. Be2 Bd6 10. Bxd6 Qxd6 11. O-O Nbd7 12. a3 Ne4
13. Na4 Qe7 14. Qb3 Nd6 15. Nd2 Bg6 {Melkumyan,H (2622)-Bluebaum,M (2588)
Berlin 2015}) 9. Bxd6 Qxd6 10. Qc2 Re8 11. Bd3 Nbd7 12. O-O Nf8 13. h3 g6 14.
Ne5 Nh5 15. Rfe1 Re7 16. Qa4 Nd7 17. Nf3 Ndf6 18. b4 a6 19. b5 cxb5 20. Nxb5
Bd7 $2 (20... Qd8 {was necessary but after} 21. Nc3 Ng7 22. Qb3 Rb8 23. Ne5 {
White is still better.}) 21. Nxd6 Bxa4 22. Rb1 $6 ({Of course} 22. Nc8 {
(which also threatens 23.Nb6) was Svidler's first instinct but somehow he
failed to see that after} Re6 {that rook can be attacked with} 23. Ng5 Rc6 24.
Ne7+) ({In fact White can also do the same after the intermediate move} 22. g4)
22... b5 23. Ne5 (23. Rec1) 23... Nd7 24. Rec1 Nxe5 25. dxe5 Rxe5 26. Rc7 Rf8
27. Rc6 Ra8 28. Rc7 Rf8 29. Rc6 Ra8 30. Rbc1 d4 $6 {After getting fully back
into the game, Hou slips again.} (30... Re6 {is about equal.}) 31. g4 Nf6 32.
e4 ({Both players missed} 32. exd4 $1 Rd5 33. Rc8+ Rxc8 34. Rxc8+ Kg7 35. Rd8
$1 {and White keeps the pawn.}) 32... Re6 ({Here} 32... Ne8 $1 {might hold.})
33. f4 b4 (33... Ne8 $1) 34. Rc8+ Rxc8 35. Rxc8+ Kg7 36. e5 Nd5 ({For the
third time} 36... Ne8 {was good for almost equality.}) 37. Bc4 Nxf4 38. Rc7 d3
$2 ({Even here Black was still OK thanks to} 38... Nxh3+ 39. Kh2 Rxe5 40. Kxh3
d3) 39. Rxf7+ Kh6 40. Rxf4 d2 41. Rd4 1-0

[Event "80th Tata Steel GpA"]
[Site "Wijk aan Zee NED"]
[Date "2018.01.19"]
[Round "6.1"]
[White "Svidler, Peter"]
[Black "Carlsen, Magnus"]
[Result "1/2-1/2"]
[WhiteElo "2768"]
[BlackElo "2834"]
[PlyCount "61"]
[EventDate "2018.01.13"]

1. c4 e6 2. Nc3 Bb4 3. Qb3 c5 {Already in rare, although not undiscovered
territory. 3...Nc6 is more common.} 4. Nb5 {White has a very good score with
this move in limited practice, although the practitioners for Black haven't
been weakies, and Carlsen certainly didn't change that.} Nc6 5. Nd6+ Kf8 6. Nf3
Qe7 7. Nxc8 (7. Qd3 {was Landa-Lisek Germany 2003. White later won with a
Benko Gambit style sacrificial maneuver a3 and b4.}) 7... Rxc8 8. e3 e5 9. Qc2
e4 10. Ng1 {What's worth more? Black's lead in development and obvious hole on
d3 or White's ability to castle and possible use the d5 outpost?} Nf6 11. Ne2
Ba5 {Clearing out the b4 square for the knight, which White can't allow.} 12.
a3 h5 {Somewhere along here commentators really wanted Carlsen to burn his
book on chess fundamentals and play ...g5.} 13. b3 Rd8 14. Bb2 d5 15. cxd5 Rxd5
(15... Nxd5 {[Thinking about 16...Ndb4!]} 16. Nc3 Nxc3 17. Bxc3 Bxc3 18. dxc3
Rh6 19. Be2 Rhd6 {was another way for Black, who is for choice. The control of
the d-file and coming knight penetration to e5 makes him better. h5 is not
really hanging since ...Rd2 is good. Black's hole on d3 and White's passive
rooks means the queen trumps the two rooks.}) 16. O-O-O Ng4 17. Ng3 Nxf2 {
And for the rest of the thrilling finish, check out the analysis of the
players below!} 18. Bc4 Nxd1 19. Rxd1 Rg5 20. Rf1 Nd8 21. Nf5 Qd7 22. Qxe4 Rg4
23. Bxg7+ Rxg7 24. Nxg7 Qxd2+ 25. Kb1 Bc3 26. Rxf7+ Nxf7 27. Qe8+ Kxg7 28.
Qxf7+ Kh6 29. Qf4+ Kg6 30. Qf7+ Kh6 31. Qf4+ 1/2-1/2

[Event "80th Tata Steel GpA"]
[Site "Wijk aan Zee NED"]
[Date "2018.01.20"]
[Round "7.1"]
[White "Carlsen, Magnus"]
[Black "Hou, Yifan"]
[Result "1-0"]
[WhiteElo "2834"]
[BlackElo "2680"]
[PlyCount "109"]
[EventDate "2018.01.13"]

1. c4 e6 2. Nc3 d5 3. d4 Nf6 4. cxd5 Nxd5 5. e3 c5 6. Bd3 cxd4 7. exd4 Nxc3 8.
bxc3 Qc7 9. Bd2 Nd7 10. Qg4 Nf6 11. Qg3 $5 {The endgame is favorable, but
Carlsen's winning margin will be small.} (11. Qh3 $5 {Commentating GM Van
Kampen humorously observed that Carlsen may be adept at squeezing water from a
stone, but he doesn't need to make stones of lively positions. The middlegame
position also seems promising with larger margins for error by both players.})
11... Qxg3 12. hxg3 Bd6 13. Nf3 b6 14. a4 Bb7 15. a5 Ke7 16. Ke2 Ne4 17. Be1 {
Carlsen is going to great lengths to keep play in the position and avoid
exchanges.} h6 18. c4 Nf6 (18... f5 {Securing e4 is the engine's preference
when the position is lively with chances for both players.}) 19. Bc3 Be4 20.
Rhb1 Bxd3+ 21. Kxd3 Nd7 22. Nd2 Rhd8 23. Ne4 Bc7 24. Bb4+ Ke8 25. f4 Rac8 26.
axb6 axb6 27. Ra7 Nb8 28. Rxc7 $1 {This exchange sacrifice is the only
favorable option for Carlsen.} Rxc7 29. Nd6+ Kd7 (29... Kf8 $2 30. Nb5+ {
The discovered check attacks c7.}) 30. Nxf7 Rdc8 31. Ne5+ Ke8 32. Bd6 Rb7 33.
c5 Nc6 34. Rxb6 Rxb6 35. cxb6 {Carlsen now has two pawns for the exchange and
strong minor pieces.} Nd8 36. Bc7 Ra8 37. Kc4 Nb7 38. Kb5 Ra2 39. g4 Ke7 40. g3
Nd6+ 41. Bxd6+ Kxd6 42. Nc4+ Kd7 43. Kc5 Rc2 44. f5 exf5 45. gxf5 Rf2 46. Nd6
Rg2 (46... Rc2+) 47. Ne4 $1 {Carlsen begins the first of many good knight
maneuvers. The difficult question is can the knight support the progress of
the c- and d-pawns in light of the rook's harassment. The answer seems to be...
not against the very best defense, but the margins are razor thin.} Rb2 48. g4
Rb1 49. Nd2 $1 {The knight can provide shelter to the king and aid the pawns
from c4.} Rh1 50. d5 h5 $2 {The losing move.} (50... Rc1+ $1 {The engine
points out that Black hold by simply restraining White with the rook. The
lines are long and difficult and may be possibly have improvements, but here
is one long and seemingly important engine line.} 51. Nc4 Rb1 52. d6 Rb3 53.
Ne5+ Kd8 54. Nc6+ Kd7 55. Nb8+ {Otherwise how do you progress?} Kd8 56. d7 {
Now the knight is tied to the defense of d7 so White needs to advance the
pawns with only the king's support. It's not possible.} Ke7 57. Kc6 Rc3+ 58.
Kb7 Rc1 59. Ka7 Ra1+ 60. Na6 Kxd7 61. b7 Rb1 62. b8=Q Rxb8 63. Nxb8+ Ke7 {
White did queen, but the kingside pawns will be traded and White's knight
matters not at all.}) 51. d6 Kc8 52. gxh5 Rxh5 53. Kc6 Kb8 54. Ne4 Rxf5 55. Nc5
1-0

[Event "80th Tata Steel GpA"]
[Site "Wijk aan Zee NED"]
[Date "2018.01.20"]
[Round "7.4"]
[White "Karjakin, Sergey"]
[Black "Caruana, Fabiano"]
[Result "1-0"]
[WhiteElo "2753"]
[BlackElo "2811"]
[PlyCount "91"]
[EventDate "2018.01.13"]

1. d4 Nf6 2. c4 e6 3. Nf3 d5 4. Nc3 a6 5. cxd5 exd5 6. Bg5 Be6 7. e3 Nbd7 8.
Bd3 h6 9. Bh4 g5 10. Bg3 Nh5 11. Be5 Nhf6 12. Bg3 Nh5 13. Nd2 Nxg3 14. hxg3 Nb6
15. Qc2 Bd6 16. e4 dxe4 17. Bxe4 Qe7 $4 {Caruana presumably relied on this
very relatable blunder. If he has to defend b7, he is worse although there is
a long game ahead.} 18. Bxb7 $1 {It turns out that Karjakin CAN allow Black's
many discovered checks. All may be refuted.} Rb8 (18... Bd5+ 19. Kf1 Bxb7 20.
Re1 $1 {wins the queen!}) (18... Bb3+ 19. Qe4) (18... Bf5+ 19. Nde4) 19. Bc6+
Kf8 20. O-O $1 {Karjakin has the extra pawn and a positional advantage. It is
not resignable for Caruana yet, but he is lost, and Karjakin does not give him
any chances.} Qf6 21. Nf3 Kg7 22. Rfe1 Rhd8 23. Ne4 Qg6 24. d5 Nxd5 25. Bxd5
Bxd5 26. Qc3+ f6 27. Nxd6 cxd6 28. Nd4 Rd7 29. Qa5 Bf7 30. b3 Ra8 31. Rac1 d5
32. Rc7 Rxc7 33. Qxc7 Qd3 34. Ne6+ Kg6 35. Nd8 Rxd8 36. Qxd8 Qd2 37. Qe7 Qxa2
38. Re3 Qb1+ 39. Kh2 Qf5 40. Qc7 d4 41. Re7 Qd5 42. b4 Be6 43. Qb6 Bf7 44. Qxa6
d3 45. Re3 Qc4 46. Qa3 1-0

[Event "80th Tata Steel GpA"]
[Site "Wijk aan Zee NED"]
[Date "2018.01.20"]
[Round "7.5"]
[White "Mamedyarov, Shakhriyar"]
[Black "Wei, Yi"]
[Result "1-0"]
[WhiteElo "2804"]
[BlackElo "2743"]
[PlyCount "59"]
[EventDate "2018.01.13"]

1. d4 Nf6 2. Nf3 d5 3. c4 e6 4. g3 Be7 5. Bg2 O-O 6. O-O dxc4 7. Qc2 a6 8. a4
Bd7 9. Qxc4 Bc6 10. Bg5 h6 11. Bxf6 Bxf6 12. Nc3 Bxf3 13. Bxf3 Qxd4 14. Qxc7 {
Presumably Wei had thoroughly prepared this pawn sacrifice. Mamedyarov took
some time, but found a tightrope that he could walk and keep play alive. Many
drawn endgames loom.} Nc6 15. Qxb7 Na5 16. Qc7 (16. Qxa8 Rxa8 17. Bxa8 Qb4 18.
Rab1 Nc4 {Black's pieces are extremely active. Wei Yi should not be worse.})
16... Qd8 17. Qf4 Rb8 18. Rfd1 Qe7 (18... Qc8 $1 {Pressuring c3 and supporting
Nc4 seems close to equal according to the engine.}) 19. Rab1 Rfc8 $2 20. Ne4 $1
{Now White is just a pawn up.} Bg5 (20... Bxb2 21. Nd6 Rd8 22. Nxf7 $1 {
Black is either loose on b2 or b8 so White keeps material and has the better
structure.}) 21. Qd6 Qxd6 22. Rxd6 Be7 23. Rxa6 Nc4 24. Rc1 $2 (24. b3 $1 {
simple.}) 24... Nxb2 $2 (24... Rxb2 $1 {Black is far from lost here. It's hard
to progress the a-pawn for White. It's hard to say why Wei Yi rejected this
line in favor of ...Nxb2 or why Mamedyarov allowed it.}) 25. Rxc8+ Rxc8 26. a5
Nc4 27. Ra7 Bb4 28. a6 f5 29. Rb7 $1 {A nice finish.} fxe4 30. Bg4 {With b4
and a fork of g8-c8-c4 imminent, literally every piece hangs for Black.} 1-0

[Event "80th Tata Steel GpA"]
[Site "Wijk aan Zee NED"]
[Date "2018.01.21"]
[Round "8.1"]
[White "Carlsen, Magnus"]
[Black "Jones, Gawain C B"]
[Result "1-0"]
[WhiteElo "2834"]
[BlackElo "2640"]
[PlyCount "83"]
[EventDate "2018.01.13"]

1. e4 c5 2. Nf3 d6 3. d4 cxd4 4. Nxd4 Nf6 5. Nc3 g6 6. Be3 Bg7 7. f3 Nc6 8. Qd2
O-O 9. O-O-O d5 10. Qe1 e5 11. Nxc6 bxc6 12. exd5 Nxd5 13. Bc4 Be6 14. Kb1 Re8
15. Ne4 (15. h4 Qc7 16. Nxd5 cxd5 17. Bxd5 Bxd5 18. Rxd5 e4 19. fxe4 Rxe4 20.
Qd2 Bxb2 21. Kxb2 Qb7+ 22. Ka1 Rxe3 {Navara,D (2735)-Edouard,R (2641) Drancy
2016}) 15... f5 $146 (15... Qc7 16. Bc5 h6 17. g4 Nf4 18. Bd6 Qb6 19. Bxe6 Rxe6
20. Bc5 Qb5 21. b3 Ree8 {Leko,P (2709)-Trent,L (2463) Douglas 2016}) 16. Ng5
Bc8 17. g4 $4 {One of the worst blunders by Carlsen ever.} ({The normal move
is obviously} 17. h4 {when} a5 {looks quite playable for Black.}) 17... f4 {
As simple as that.} 18. h4 fxe3 19. Qxe3 h6 20. Qc5 Bb7 21. Ne4 Re6 22. h5 Qb6
$2 {Rather impractical.} ({As pointed out by Giri (and Aronian to this
reporter at the dinner table in Gibraltar)} 22... g5 {is the obvious reply,
when White has nothing.}) 23. g5 $1 {White grabs the one chance to complicate
things.} hxg5 $6 (23... Bf8) {After another mistake White takes over with...}
24. Qa3 $1 {Under the current circumstances White suddenly has attacking
chances again.} Rb8 25. b3 Qd8 $6 {Jones is collapsing.} (25... Qc7) 26. Qxa7
gxh5 27. Rxh5 Rg6 28. Rxg5 Rxg5 29. Nxg5 Qc8 30. Rg1 Ra8 31. Qb6 Ra6 32. Qc5
Qd7 33. Ne4 Kh8 34. Qf2 Qe7 35. Bxa6 Bxa6 36. Qh2+ Kg8 37. Qh6 Qa7 38. Qe6+ Kf8
39. Rg5 Ne3 40. Qd6+ Kf7 41. Nc5 Bc8 42. Rxg7+ 1-0